Normal view MARC view

Entry Geographic Name

Number of records used in: 0

001 - CONTROL NUMBER

  • control field: 717954

003 - CONTROL NUMBER IDENTIFIER

  • control field:

005 - DATE AND TIME OF LATEST TRANSACTION

  • control field: 20210627043408.0

008 - FIXED-LENGTH DATA ELEMENTS

  • fixed length control field: 210627|| aca||aabn | a|a d

040 ## - CATALOGING SOURCE

  • Original cataloging agency:
  • Transcribing agency:

151 ## - HEADING--GEOGRAPHIC NAME

  • Geographic name: New Zealand
  • General subdivision: Commerce
  • Form subdivision: Periodicals

670 ## - SOURCE DATA FOUND

  • Source citation: Work cat.: ()590309: The Census and Statistics Department, Wellington 717952, Statistical report on the trade and shipping of the Dominion of New Zealand for the year for the years 1943 and 1944 /, 1948
                                                                           
web counter

Copyright ©2020 The National Library of India, Govt. of India ↔ Hosted by NVLI, MOC ↔ Technology and Design by National Library of India, Ministry of Culture, Govt. of India